MARC

LEADER 00000nas a2200000 4500
001 ssj0006026
003 WaSeSS
005 20200512172242.0
006 m d
007 cr n
008 751101c18459999fr fr p sb 0 b0fre c
010 |a  10032855  
016 |a (AMICUS)000001768792 
016 7 |a 011178523  |2 DE-101 
016 7 |a 205355-X  |2 DE-600 
016 7 |a 100970038  |2 DNLM 
016 7 |a 009225301  |2 Uk 
022 |l 0035-1652  |y 0035-1652 
035 |a (WaSeSS)ssj0006026 
040 |a MUL  |b eng  |c MUL  |d COO  |d YUS  |d DLC  |d OCL  |d AIP  |d NST  |d HUL  |d IUL  |d WAU  |d OCL  |d NLM  |d NLGGC  |d LVB  |d KRTAS  |d OCLCQ  |d AMAZN  |d HEBIS  |d GBVCP  |d DEBBG  |d UKMGB  |d OCLCQ  |d OCLCF  |d OCLCO  |d NLC  |d CUI  |d IUL  |d OCLCO  |d QE2  |d OCLCQ  |d OCLCA  |d WaSeSS 
042 |a pcc 
043 |a mm----- 
050 0 0 |a PA2  |b .R4 
082 0 4 |a 480/.05 
210 0 |a Rev. Philol. Litt. Hist. Anc. 
222 0 |a Revue de Philologie de Littérature et d'Histoire Anciennes 
245 0 0 |a Revue de philologie, de littérature et d'histoire anciennes  |h [electronic resource]. 
246 0 0 |a Revue de philologie 
260 |a Paris,  |b Éditions Klincksieck 
310 |a Semiannual,  |b <1973-> 
321 |a Bimonthly,  |b 1845 
321 |a Bimonthly (irregular),  |b 1846-1847 
321 |a Quarterly,  |b 1877-<1927> 
362 0 |a t. 1-2, 1845-1847; nouv. sér., t. 1-50, janv. 1877-oct. 1926; 3. sér. t. 1- janv. 1927- 
506 |a License restrictions may limit access. 
515 |a Suspended, 1848-1876. 
515 |a Ser. 3, v. 1- also called v. 53-76. 
515 |a Vols. 51-52 omitted in numbering. 
555 |a Ser. 3, v. 1-40, 1927-1966. 1 v.; ser. 3, v. 41-65, 1967-1991. 1 v. 
580 |a The 2nd series includes the following periodicals issued (with separate title pages, paging and volume numbering) as sections of the Revue: with v. 1-50, Revue des revues et publications d'académies relatives à l'antiquité classique (1921-1925 called Revue des Revues; bibliographie analytique des articles de périodiques relatifs à l'antiquité classique) 1-50. Année, 1877-1925; with v. 35-50, Revue des comptes rendus d'ourrages relatifs à l'antiquité classique, 1-16. année, 1910-1925. 
650 0 |a Classical philology  |v Periodicals. 
650 0 |a Classical philology  |v Bibliography. 
650 6 |a Philologie ancienne  |v Périodiques. 
650 6 |a Philologie ancienne  |v Bibliographie. 
650 7 |a Classical philology.  |2 fast  |0 (OCoLC)fst00863532 
650 1 7 |a Filologie.  |2 gtt 
650 1 7 |a Klassieke talen.  |2 gtt 
650 1 7 |a Klassieke oudheid.  |2 gtt 
650 7 |a Altertumswissenschaft  |2 gnd 
650 7 |a Klassische Philologie  |2 gnd 
655 0 |a Electronic journals. 
730 0 2 |a Revue des revues et publications d'académies relatives à l'antiquité classique. 
730 0 2 |a Revue des revues: bibliographie analytique des articles de périodiques relatifs à l'antiquité classique. 
730 0 2 |a Revue des comptes rendus d'ouvrages relatifs à l'antiquité classique. 
777 1 |t Revue des revues et publications d'académies relatives à l'antiquité classique  |g 1877-1920 
777 1 |t Revue des revues: bibliographie analytique des articles de périodiques relatifs à l'antiquité classique  |g 1921-25 
777 1 |t Revue des comptes rendus d'ouvrages relatifs à l'antiquité classique  |g 1910-25 
850 |a CU-S  |a DCHS  |a InU  |a KyLou 
853 0 3 |8 1  |a t.  |i (year) 
853 0 3 |8 2  |a n.s.:t.  |i (year) 
853 0 3 |8 3  |a s*er.3:t.  |b fasc.  |i (year) 
856 4 0 |z Full text available from Research Library: 01/01/1996 to 12/31/1997  |u https://search.proquest.com/publication/36131 
856 4 0 |z Full text available from Research Library: 01/01/2001 to 01/31/2018  |u https://search.proquest.com/publication/36131 
863 4 0 |8 1  |a <1>-  |i <1845>-  |x provisional 
863 4 0 |8 2  |a <1>-  |i <1877>-  |x provisional 
863 4 0 |8 3  |a <1>-  |i <1927>-  |x provisional